000 00367nam a22001337a 4500
005 20250901165810.0
008 250321b |||||||| |||| 00| 0 eng d
020 _a0195731573
050 _aPZ90.F72 .W 35 2002
245 _aPas si vite!
_cWaithaka Waihenya
260 _aNairobi:
_bOxford University Press,
_c2002.
300 _a28 p.:
_bcol. ill.:
_c21 cm.
942 _2lcc
999 _c9376
_d9376